{"text_format":"1","workbook":"xlsx","n_sheets":8,"sheets":["ИЖ 9-11 лет (сл)","ИМ 9-11 лет (сл)","СП 9-11 (сл)","ТР 9-11 (сл)","ГР 9-11 сл","ТР 9-11 мл","ТГ 9-11","ИЖ 9-11 мл"],"not_rendered":{"charts":0,"images":3,"macros":1,"external_links":0,"defined_names":8,"comments":0,"pivot_tables":0},"unopened":[],"bounds":{"document_bytes":16777216,"sheet_cells":100000,"rows_first":2000,"rows_last":500,"rows_between":2000,"halvings":0,"cell_chars":16384,"cell_head_chars":4096},"cells_cut":0,"cells_raw":0,"read":"whole","date_system":"1900"}

{"sheet":"ИЖ 9-11 лет (сл)","index":0,"n_rows":20,"n_cols":28,"rows_kept":20,"cut":false,"hidden":false,"merged":[[7,18,7,20],[7,22,7,25],[7,26,8,26],[7,27,8,27],[3,4,3,26],[4,4,4,26],[5,8,5,20],[5,23,5,27],[7,11,7,17],[7,0,8,0],[7,1,8,1],[7,2,8,2],[7,3,8,3],[7,4,7,10],[0,7,0,22],[0,23,0,25],[0,26,0,27],[1,4,1,26],[2,7,2,22],[2,23,2,25],[2,26,2,27]]}
[null,null,null,null,null,null,null,null,null,null,null,null,null,null,null,null,null,null,null,null,null,null,null," ",null,null," "]
[]
[null,null,null,null,null,null,null,"П р о т о к о л  ",null,null,null,null,null,null,null,null,null,null,null,null,null,null,null,"г. Барнаул",null,null,"14-17.11.2018"]
[null,null,null,null,"ПЕРВЕНСТВО АЛТАЙСКОГО КРАЯ ПО СПОРТИВНОЙ АЭРОБИКЕ \"СОЗВЕЗДИЕ СИБИРИ\""]
[null,null,null,null,"ФИНАЛ"]
[null,null,null,null,null,null,null,null,null,null,null,null,null,null,null,null,null,null,null,null,null,null,null,"ИЖ 9-11 лет (с/л)"]
[]
["№","Участник","Клуб","Регион","Исполнение",null,null,null,null,null,null,"Артистичность",null,null,null,null,null,null,"Сложность",null,null,"Пирамида","Сбавки",null,null,null,"Общий балл","Место"]
[null,null,null,null,1,2,3,4,"МIN \"А\"","МАХ \"А\"","СР",5,6,7,8,"МIN \"И\"","МАХ \"И\"","СР",9,10,"СР",1,"Э","Л","Глав. судья","общ"]
[7,"Сидорчук Алена","МБУ СП \"СШ №6\", АКООПРС \"Город Мастеров\"","Барнаул Алтайский край",8.1999999999999993,8.3000000000000007,8.1,8,{"$f":"MIN(E10,F10,G10,H10)","v":8},{"$f":"MAX(E10,F10,G10,H10)","v":8.3000000000000007},{"$f":"(E10+F10+G10+H10-I10-J10)/2","v":8.15},8.3000000000000007,8.1999999999999993,7.7,8.1,{"$f":"MIN(L10,M10,N10,O10)","v":7.7},{"$f":"MAX(L10,M10,N10,O10)","v":8.3000000000000007},{"$f":"(L10+M10+N10+O10-P10-Q10)/2","v":8.1499999999999986},3.9,3.9,{"$f":"(S10+T10)/4","v":1.95},null,null,null,null,{"$f":"W10+X10+Y10","v":0},{"$f":"K10+R10+U10+V10-Z10","v":18.249999999999996},{"$f":"RANK(AA10,$AA$9:$AA$17,0)","v":1}]
[14,"Коростелева Яна","КГБУ СП \"СШ\"Жемчужина Алтая\"","Барнаул Алтайский край",8,8.3000000000000007,8,8.3000000000000007,8,8.3000000000000007,8.15,7.8,8.1999999999999993,8,8.4,7.8,8.4,8.0999999999999979,3.8,3.8,1.9,null,null,null,null,0,18.149999999999999,{"$f":"RANK(AA11,$AA$9:$AA$17,0)","v":2}]
[2,"Фоменко Полина","МБУ СП «СШ « Победа»","Барнаул Алтайский край",8,8.1,7.3,8,7.3,8.1,8,7.9,8.1999999999999993,7.9,8.1999999999999993,7.9,8.1999999999999993,8.0500000000000025,3.5,3.5,1.75,null,null,null,null,0,17.800000000000004,{"$f":"RANK(AA12,$AA$9:$AA$17,0)","v":3}]
[12,"Филиппова Полина","МБУ «СШ «Спартак»","Чебоксары Республика Чувашия",7.8,8,7.9,7.9,7.8,8,7.9,7.7,8.5,7.8,8,7.7,8.5,7.9,3.7,3.7,1.85,null,null,null,null,0,17.650000000000002,{"$f":"RANK(AA13,$AA$9:$AA$18,0)","v":4}]
[15,"Дацук Василина","МБУ СП \"СШ №6\", АКООПРС \"Город Мастеров\"","Барнаул Алтайский край",7.9,8.1999999999999993,7.8,7.4,7.4,8.1999999999999993,7.8500000000000032,7.7,7.9,7.6,7.9,7.6,7.9,7.8,3.7,3.7,1.85,null,null,null,null,0,17.500000000000004,{"$f":"RANK(AA14,$AA$9:$AA$18,0)","v":5}]
[10,"Большедворова Дарья","МБУ СП \"СШ №6\", АКООПРС \"Город Мастеров\"","Барнаул Алтайский край",7.9,7.8,7.8,7.6,7.6,7.9,7.8,7.9,7.8,7.7,8,7.7,8,7.85,3.7,3.7,1.85,null,null,null,null,0,17.5,{"$f":"RANK(AA15,$AA$9:$AA$17,0)","v":6}]
[16,"Фадеева Анастасия","МБУ СП \"СШ №6\", АКООПРС \"Город Мастеров\"","Барнаул Алтайский край",7.8,8,7.5,7.5,7.5,8,7.65,7.6,7.7,7.5,7.5,7.5,7.7,7.5500000000000007,3.6,3.6,1.8,null,null,null,null,0,17,{"$f":"RANK(AA16,$AA$9:$AA$17,0)","v":7}]
[8,"Чинцова Алина","МБУ СП «СШ « Победа»","Барнаул Алтайский край",8,7,7.3,7.7,7,8,7.5,7.3,8.1999999999999993,7.5,7.4,7.3,8.1999999999999993,7.4499999999999993,2.7,2.7,1.35,null,null,null,null,0,16.3,{"$f":"RANK(AA17,$AA$9:$AA$17,0)","v":8}]
[null,"Главный  судья:",null,null,null,null,null,null,"Л.Н. Ляшенко",null,null,null,null,null,"Главный секретарь:",null,null,null,null,null,null,"Т.В.Хоружева"]
[]
[null,"Заместитель главного судьи:",null,null,null,null,null,null,"Н.К. Гринина",null,null,null,null,null,"Заместитель главного секретаря",null,null,null,null,null,null,"Д.А.Гринина"]

{"sheet":"ИМ 9-11 лет (сл)","index":1,"n_rows":21,"n_cols":28,"rows_kept":21,"cut":false,"hidden":false,"merged":[[7,18,7,20],[7,22,7,25],[7,26,8,26],[7,27,8,27],[3,4,3,26],[4,4,4,26],[5,8,5,20],[5,23,5,27],[7,11,7,17],[7,0,8,0],[7,1,8,1],[7,2,8,2],[7,3,8,3],[7,4,7,10],[0,7,0,22],[0,23,0,25],[0,26,0,27],[1,4,1,26],[2,7,2,22],[2,23,2,25],[2,26,2,27]]}
[null,null,null,null,null,null,null,null,null,null,null,null,null,null,null,null,null,null,null,null,null,null,null," ",null,null," "]
[]
[null,null,null,null,null,null,null,"П р о т о к о л  ",null,null,null,null,null,null,null,null,null,null,null,null,null,null,null,"г. Барнаул",null,null,"14-17.11.2018"]
[null,null,null,null,"ПЕРВЕНСТВО АЛТАЙСКОГО КРАЯ ПО СПОРТИВНОЙ АЭРОБИКЕ \"СОЗВЕЗДИЕ СИБИРИ\""]
[null,null,null,null,"ФИНАЛ"]
[null,null,null,null,null,null,null,null,null,null,null,null,null,null,null,null,null,null,null,null,null,null,null,"ИМ 9-11 лет (с/л)"]
[]
["№","Участник","Клуб","Регион","Исполнение",null,null,null,null,null,null,"Артистичность",null,null,null,null,null,null,"Сложность",null,null,"Пирамида","Сбавки",null,null,null,"Общий балл","Место"]
[null,null,null,null,1,2,3,4,"МIN \"А\"","МАХ \"А\"","СР",5,6,7,8,"МIN \"И\"","МАХ \"И\"","СР",9,10,"СР",1,"Э","Л","Глав. судья","общ"]
[6,"Залозный Ростислав","МБУ СП \"СШ №6\", АКООПРС \"Город Мастеров\"","Барнаул Алтайский край",8,8.1,8.1,7.5,{"$f":"MIN(E10,F10,G10,H10)","v":7.5},{"$f":"MAX(E10,F10,G10,H10)","v":8.1},{"$f":"(E10+F10+G10+H10-I10-J10)/2","v":8.0500000000000007},8.3000000000000007,8,7.7,7.9,{"$f":"MIN(L10,M10,N10,O10)","v":7.7},{"$f":"MAX(L10,M10,N10,O10)","v":8.3000000000000007},{"$f":"(L10+M10+N10+O10-P10-Q10)/2","v":7.9499999999999993},3.5,3.5,{"$f":"(S10+T10)/4","v":1.75},null,null,null,null,{"$f":"W10+X10+Y10","v":0},{"$f":"K10+R10+U10+V10-Z10","v":17.75},{"$f":"RANK(AA10,$AA$9:$AA$17,0)","v":1}]
[7,"Романосов Александр","КГБУ СП \"СШ\"Жемчужина Алтая\"","Барнаул Алтайский край",8.1,7.5,7.9,8.1999999999999993,7.5,8.1999999999999993,8,7.6,8,7.9,8.1,7.6,8.1,7.95,3.6,3.6,1.8,null,null,null,null,0,17.75,2]
[4,"Кремлев Илья","МБУ СП \"СШ №6\", АКООПРС \"Город Мастеров\"","Барнаул Алтайский край",7.8,7.9,8,7.9,7.8,8,7.9,8.4,8.1,8,7.9,7.9,8.4,8.0500000000000007,3.5,3.5,1.75,null,null,null,null,0,17.700000000000003,{"$f":"RANK(AA12,$AA$9:$AA$17,0)","v":3}]
[1,"Митренев Данил","МБУ СП \"СШ №6\", АКООПРС \"Город Мастеров\"","Барнаул Алтайский край",7.7,7.7,8.1999999999999993,7.6,7.6,8.1999999999999993,7.7000000000000011,8.1999999999999993,7.8,7.7,8.1999999999999993,7.7,8.1999999999999993,8,3.8,3.8,1.9,null,null,null,null,0,17.600000000000001,4]
[5,"Вершиин Ярослав","ДЮСШ №2","Новосибирск Новосибирская область",7.5,7.8,8.1,7.5,7.5,8.1,7.6499999999999995,7.3,7.9,7.6,8,7.3,8,7.7499999999999982,3.9,3.9,1.95,null,null,null,null,0,17.349999999999998,5]
[2,"Московкин Савелий","МБУ СП «СШ « Победа»","Барнаул Алтайский край",7.6,7.6,7.7,7.6,7.6,7.7,7.6,7.5,7.8,7.7,7.8,7.5,7.8,7.75,2.7,2.7,1.35,null,null,null,null,0,16.7,6]
[3,"Шачковский Павел","КГБУ СП КДЮСШ","Барнаул Алтайский край",6.8,7,7.4,7,6.8,7.4,7.0000000000000009,6.7,7.6,6.7,7,6.7,7.6,6.8500000000000005,2.6,2.6,1.3,null,null,null,null,0,15.150000000000002,7]
[8,"Яжбин Андрей","КГБУ СП КДЮСШ","Барнаул Алтайский край",6.9,6.9,7.2,6.5,6.5,7.2,6.9,6.9,7.7,6.9,6.8,6.8,7.7,6.9,1.8,1.8,0.9,null,null,null,null,0,14.700000000000001,8]
[]
[null,"Главный  судья:",null,null,null,null,null,null,"Л.Н. Ляшенко",null,null,null,null,null,"Главный секретарь:",null,null,null,null,null,null,"Т.В.Хоружева"]
[]
[null,"Заместитель главного судьи:",null,null,null,null,null,null,"Н.К. Гринина",null,null,null,null,null,"Заместитель главного секретаря",null,null,null,null,null,null,"Д.А.Гринина"]

{"sheet":"СП 9-11 (сл)","index":2,"n_rows":19,"n_cols":28,"rows_kept":19,"cut":false,"hidden":false,"merged":[[7,18,7,20],[7,22,7,25],[7,26,8,26],[7,27,8,27],[3,4,3,26],[4,4,4,26],[5,8,5,20],[5,23,5,27],[7,11,7,17],[7,0,8,0],[7,1,8,1],[7,2,8,2],[7,3,8,3],[7,4,7,10],[0,7,0,22],[0,23,0,25],[0,26,0,27],[1,4,1,26],[2,7,2,22],[2,23,2,25],[2,26,2,27]]}
[null,null,null,null,null,null,null,null,null,null,null,null,null,null,null,null,null,null,null,null,null,null,null," ",null,null," "]
[]
[null,null,null,null,null,null,null,"П р о т о к о л  ",null,null,null,null,null,null,null,null,null,null,null,null,null,null,null,"г. Барнаул",null,null,"14-17.11.2018"]
[null,null,null,null,"ПЕРВЕНСТВО АЛТАЙСКОГО КРАЯ ПО СПОРТИВНОЙ АЭРОБИКЕ \"СОЗВЕЗДИЕ СИБИРИ\""]
[null,null,null,null,"ФИНАЛ"]
[null,null,null,null,null,null,null,null,null,null,null,null,null,null,null,null,null,null,null,null,null,null,null,"СП 9-11 лет (с/л)"]
[]
["№","Участник","Клуб","Регион","Исполнение",null,null,null,null,null,null,"Артистичность",null,null,null,null,null,null,"Сложность",null,null,"Пирамида","Сбавки",null,null,null,"Общий балл","Место"]
[null,null,null,null,1,2,3,4,"МIN \"А\"","МАХ \"А\"","СР",5,6,7,8,"МIN \"И\"","МАХ \"И\"","СР",9,10,"СР",1,"Э","Л","Глав. судья","общ"]
[6,"Залозный Ростислав Сидорчук Алена","МБУ СП \"СШ №6\", АКООПРС \"Город Мастеров\"","Барнаул Алтайский край",8,7.9,8,7.9,{"$f":"MIN(E10,F10,G10,H10)","v":7.9},{"$f":"MAX(E10,F10,G10,H10)","v":8},{"$f":"(E10+F10+G10+H10-I10-J10)/2","v":7.9499999999999993},8.3000000000000007,7.9,7.8,8,{"$f":"MIN(L10,M10,N10,O10)","v":7.8},{"$f":"MAX(L10,M10,N10,O10)","v":8.3000000000000007},{"$f":"(L10+M10+N10+O10-P10-Q10)/2","v":7.9499999999999993},3.4,3.4,{"$f":"(S10+T10)/4","v":1.7},null,null,null,null,{"$f":"W10+X10+Y10","v":0},{"$f":"K10+R10+U10+V10-Z10","v":17.599999999999998},{"$f":"RANK(AA10,$AA$9:$AA$15,0)","v":1}]
[3,"Кремлев Илья Большедворова Дарья","МБУ СП \"СШ №6\", АКООПРС \"Город Мастеров\"","Барнаул Алтайский край",7.9,7.7,7.8,7.8,7.7,7.9,7.8000000000000016,8.4,7.8,7.7,7.9,7.7,8.4,7.8499999999999988,3.5,3.5,1.75,null,null,null,null,0,17.399999999999999,2]
[4,"Вершинин Ярослав Повелицина Полина ","ДЮСШ № 2 ","Новосибирск Новосибирская область",7.5,7.3,7.9,8,7.3,8,7.7000000000000011,7.9,8,7.4,7.8,7.4,8,7.8500000000000014,3.4,3.4,1.7,null,null,null,null,0,17.250000000000004,3]
[5,"Соколова Екатерина Яжбин Андрей","КГБУ СП КДЮСШ","Барнаул Алтайский край",7.2,7.4,7,6.8,6.8,7.4,7.1000000000000005,7.3,7.9,6.7,6,6,7.9,6.9999999999999991,3.3,3.3,1.65,null,null,null,null,0,15.75,4]
[1,"Зубова Вероника Шачковский Павел","КГБУ СП КДЮСШ","Барнаул Алтайский край",7.1,7,6.7,7,6.7,7.1,7.0000000000000009,7.1,7.8,6.6,6.7,6.6,7.8,6.9,1.3,1.3,0.65,null,null,null,null,0,14.550000000000002,5]
[2,"Лизин Роман Хромова Екатерина","КГБУ СП КДЮСШ","Барнаул Алтайский край",7,6.8,6.9,6.8,6.8,7,6.8500000000000014,7,7.7,6.7,6.1,6.1,7.7,6.85,1.7,1.7,0.85,null,null,null,null,0,14.55,6]
[]
[null,"Главный  судья:",null,null,null,null,null,null,"Л.Н. Ляшенко",null,null,null,null,null,"Главный секретарь:",null,null,null,null,null,null,"Т.В.Хоружева"]
[]
[null,"Заместитель главного судьи:",null,null,null,null,null,null,"Н.К. Гринина",null,null,null,null,null,"Заместитель главного секретаря",null,null,null,null,null,null,"Д.А.Гринина"]

{"sheet":"ТР 9-11 (сл)","index":3,"n_rows":21,"n_cols":28,"rows_kept":21,"cut":false,"hidden":false,"merged":[[7,18,7,20],[7,22,7,25],[7,26,8,26],[7,27,8,27],[3,4,3,26],[4,4,4,26],[5,8,5,20],[5,23,5,27],[7,11,7,17],[7,0,8,0],[7,1,8,1],[7,2,8,2],[7,3,8,3],[7,4,7,10],[0,7,0,22],[0,23,0,25],[0,26,0,27],[1,4,1,26],[2,7,2,22],[2,23,2,25],[2,26,2,27]]}
[null,null,null,null,null,null,null,null,null,null,null,null,null,null,null,null,null,null,null,null,null,null,null," ",null,null," "]
[]
[null,null,null,null,null,null,null,"П р о т о к о л  ",null,null,null,null,null,null,null,null,null,null,null,null,null,null,null,"г. Барнаул",null,null,"14-17.11.2018"]
[null,null,null,null,"ПЕРВЕНСТВО АЛТАЙСКОГО КРАЯ ПО СПОРТИВНОЙ АЭРОБИКЕ \"СОЗВЕЗДИЕ СИБИРИ\""]
[null,null,null,null,"ФИНАЛ"]
[null,null,null,null,null,null,null,null,null,null,null,null,null,null,null,null,null,null,null,null,null,null,null,"ТР 9-11 лет (с/л)"]
[]
["№","Участник","Клуб","Регион","Исполнение",null,null,null,null,null,null,"Артистичность",null,null,null,null,null,null,"Сложность",null,null,"Пирамида","Сбавки",null,null,null,"Общий балл","Место"]
[null,null,null,null,1,2,3,4,"МIN \"А\"","МАХ \"А\"","СР",5,6,7,8,"МIN \"И\"","МАХ \"И\"","СР",9,10,"СР",1,"Э","Л","Глав. судья","общ"]
[4,"Коростелева Яна Коростелева Ульяна Таранец Милана","КГБУ СП \"СШ\"Жемчужина Алтая\"","Барнаул Алтайский край",8,7.6,8,8.1999999999999993,{"$f":"MIN(E10,F10,G10,H10)","v":7.6},{"$f":"MAX(E10,F10,G10,H10)","v":8.1999999999999993},{"$f":"(E10+F10+G10+H10-I10-J10)/2","v":8.0000000000000018},7.8,8.3000000000000007,8,8.3000000000000007,{"$f":"MIN(L10,M10,N10,O10)","v":7.8},{"$f":"MAX(L10,M10,N10,O10)","v":8.3000000000000007},{"$f":"(L10+M10+N10+O10-P10-Q10)/2","v":8.1500000000000021},3.6,3.6,{"$f":"(S10+T10)/4","v":1.8},null,null,null,null,{"$f":"W10+X10+Y10","v":0},{"$f":"K10+R10+U10+V10-Z10","v":17.950000000000006},{"$f":"RANK(AA10,$AA$9:$AA$17,0)","v":1}]
[11,"Залозный Ростислав Сидорчук Алена Страшникова Софья","МБУ СП \"СШ №6\", АКООПРС \"Город Мастеров\"","Барнаул Алтайский край",8,7.5,8.1999999999999993,7.4,7.4,8.1999999999999993,7.7500000000000018,8.5,8,7.8,7.8,7.8,8.5,7.9,3.3,3.3,1.65,null,null,null,null,0,17.3,2]
[8,"Большедворова Дарья Фадеева Анастасия Дацук Василина","МБУ СП \"СШ №6\", АКООПРС \"Город Мастеров\"","Барнаул Алтайский край",7.8,7.6,7.7,7.6,7.6,7.8,7.6499999999999968,8.4,7.9,7.8,7.8,7.8,8.4,7.8500000000000005,2.9,2.9,1.45,null,null,null,null,0,16.949999999999996,3]
[5,"Фоменко Полина Чинцова Алина Иконникова Дарья","МБУ СП «СШ « Победа»","Барнаул Алтайский край",7.7,7,7.3,8.1,7,8.1,7.5000000000000009,8.3000000000000007,8.1,7.8,7.9,7.8,8.3000000000000007,8,2.1,2.1,1.05,null,null,null,null,0,16.55,4]
[14,"Гаврилова Алина Повелицина Полина Повелицина Алина","ДЮСШ № 2","Новосибирск Новосибирская область",7.5,7.3,7.7,7.5,7.3,7.7,7.5,7.7,7.9,7.4,8,7.4,8,7.8000000000000007,2,2,1,null,null,null,null,0,16.3,5]
[3,"Белых Кристина Соколова Екатерина Чекарёва Вероника","КГБУ СП КДЮСШ","Барнаул Алтайский край",7.3,7,7.5,6.6,6.6,7.5,7.1499999999999986,7.4,7.8,7.3,6.7,6.7,7.8,7.35,2.8,2.8,1.4,null,null,null,null,0,15.899999999999999,6]
[10,"Задорожняя Белла Тырышкина Полина Шмидт Ксения","КГБУ СП КДЮСШ","Барнаул Алтайский край",7.1,6.8,7.4,7.2,6.8,7.4,7.1499999999999977,7.3,7.8,6.8,6.8,6.8,7.8,7.0499999999999989,1.5,1.5,0.75,null,null,null,null,0,14.949999999999996,7]
[13,"Боброва Анастасия Нестерова Ульяна Юдина Екатерина","КГБУ СП КДЮСШ","Барнаул Алтайский край",6.8,6.5,6.9,7,6.5,7,6.8500000000000014,6.5,7.6,6.6,6.6,6.5,7.6,6.5999999999999988,1.5,1.5,0.75,null,null,null,null,0,14.2,8]
[]
[null,"Главный  судья:",null,null,null,null,null,null,"Л.Н. Ляшенко",null,null,null,null,null,"Главный секретарь:",null,null,null,null,null,null,"Т.В.Хоружева"]
[]
[null,"Заместитель главного судьи:",null,null,null,null,null,null,"Н.К. Гринина",null,null,null,null,null,"Заместитель главного секретаря",null,null,null,null,null,null,"Д.А.Гринина"]

{"sheet":"ГР 9-11 сл","index":4,"n_rows":20,"n_cols":28,"rows_kept":20,"cut":false,"hidden":false,"merged":[[7,18,7,20],[7,22,7,25],[7,26,8,26],[7,27,8,27],[3,4,3,26],[4,4,4,26],[5,8,5,20],[5,23,5,27],[7,0,8,0],[7,1,8,1],[7,2,8,2],[7,3,8,3],[7,4,7,10],[7,11,7,17],[0,7,0,22],[0,23,0,25],[0,26,0,27],[1,4,1,26],[2,7,2,22],[2,23,2,25],[2,26,2,27]]}
[null,null,null,null,null,null,null,null,null,null,null,null,null,null,null,null,null,null,null,null,null,null,null," ",null,null," "]
[]
[null,null,null,null,null,null,null,"П р о т о к о л  ",null,null,null,null,null,null,null,null,null,null,null,null,null,null,null,"г. Барнаул",null,null,"14-17.11.2018"]
[null,null,null,null,"ПЕРВЕНСТВО АЛТАЙСКОГО КРАЯ ПО СПОРТИВНОЙ АЭРОБИКЕ \"СОЗВЕЗДИЕ СИБИРИ\""]
[null,null,null,null,"ФИНАЛ"]
[null,null,null,null,null,null,null,null,null,null,null,null,null,null,null,null,null,null,null,null,null,null,null,"ГР 9-11 лет с/л"]
[]
["№","Участник","Клуб","Регион","Исполнение",null,null,null,null,null,null,"Артистичность",null,null,null,null,null,null,"Сложность",null,null,"Пирамида","Сбавки",null,null,null,"Общий балл","Место"]
[null,null,null,null,1,2,3,4,"МIN \"А\"","МАХ \"А\"","СР",5,6,7,8,"МIN \"И\"","МАХ \"И\"","СР",9,10,"СР",1,"Э","Л","Глав. судья","общ"]
[6,"Кремлев Илья Большедворова Дарья Сидорчук Алена Митренев Данил       Дацук Василина","МБУ СП \"СШ №6\", АКООПРС \"Город Мастеров\"","Барнаул Алтайский край",8,7.9,7.9,8,{"$f":"MIN(E10,F10,G10,H10)","v":7.9},{"$f":"MAX(E10,F10,G10,H10)","v":8},{"$f":"(E10+F10+G10+H10-I10-J10)/2","v":7.9499999999999993},8.5,8.1,8,7.7,{"$f":"MIN(L10,M10,N10,O10)","v":7.7},{"$f":"MAX(L10,M10,N10,O10)","v":8.5},{"$f":"(L10+M10+N10+O10-P10-Q10)/2","v":8.0500000000000025},3.1,3.1,{"$f":"(S10+T10)/4","v":1.55},null,null,null,null,{"$f":"W10+X10+Y10","v":0},{"$f":"K10+R10+U10+V10-Z10","v":17.55},{"$f":"RANK(AA10,$AA$9:$AA$16,0)","v":1}]
[3,"Фоменко Полина Чинцова Алина Иконникова Дарья Московкин Савелий Евстигнеева Ангелина","МБУ СП «СШ « Победа»","Барнаул Алтайский край",8,7.9,7.8,8.1999999999999993,7.8,8.1999999999999993,7.9499999999999993,8.1999999999999993,8.1999999999999993,7.9,7.8,7.8,8.1999999999999993,8.0499999999999972,3,3,1.5,null,null,null,null,0,17.499999999999996,2]
[2,"Коростелева Яна Коростелева Ульяна Таранец Милана Адодина Анастасия Ращевская Кира","КГБУ СП \"СШ\"Жемчужина Алтая\"","Барнаул Алтайский край",8.1999999999999993,7.8,7.7,8,7.7,8.1999999999999993,7.9,7.8,8.1999999999999993,7.9,8,7.8,8.1999999999999993,7.9499999999999993,3,3,1.5,null,null,null,null,0,17.350000000000001,3]
[4,"Задорожняя Белла Нестерова Ульяна Тырышкина Полина Чекарёва Вероника Шмидт Ксения","КГБУ СП КДЮСШ","Барнаул Алтайский край",7.4,7.1,7.3,7.5,7.1,7.5,7.3500000000000014,7.2,8,7.4,7,7,8,7.3000000000000007,1.2,1.2,0.6,null,null,null,null,0,15.250000000000002,4]
[5,"Боброва Анастасия Зырянова Анастасия Калмыкова Полина Шестакова Арина Юдина Екатерина","КГБУ СП КДЮСШ","Барнаул Алтайский край",7.4,7.2,6.4,7.3,6.4,7.4,7.2499999999999991,7.2,7.7,6.9,6.5,6.5,7.7,7.0500000000000007,1.5,1.5,0.75,null,null,null,null,0,15.05,5]
[7,"Горяева Анна Костенникова Карина Макарова Ульяна Сергеева Елизавета Шапошникова Анастасия","КГБУ СП КДЮСШ","Барнаул Алтайский край",7.2,6.5,6.6,7.2,6.5,7.2,6.8999999999999986,7,7.7,6.7,6.6,6.6,7.7,6.85,0.7,0.7,0.35,null,null,null,null,0,14.099999999999998,6]
[1,"Белокрылова Татьяна Гасаева Мария Кайгородова Екатерина Макаренко Ольга Мухортова Анна ","КГБУ СП КДЮСШ","Барнаул Алтайский край",6.8,6.4,6.3,7,6.3,7,6.6,6.8,7.5,6.9,6.9,6.8,7.5,6.9,0.2,0.2,0.1,null,null,null,null,0,13.6,7]
[]
[null,"Главный  судья:",null,null,null,null,null,null,"Л.Н. Ляшенко",null,null,null,null,null,"Главный секретарь:",null,null,null,null,null,null,"Т.В.Хоружева"]
[]
[null,"Заместитель главного судьи:",null,null,null,null,null,null,"Н.К. Гринина",null,null,null,null,null,"Заместитель главного секретаря",null,null,null,null,null,null,"Д.А.Гринина"]

{"sheet":"ТР 9-11 мл","index":5,"n_rows":20,"n_cols":28,"rows_kept":20,"cut":false,"hidden":false,"merged":[[7,18,7,20],[7,22,7,25],[7,26,8,26],[7,27,8,27],[3,4,3,26],[4,4,4,26],[5,8,5,20],[5,23,5,27],[7,0,8,0],[7,1,8,1],[7,2,8,2],[7,3,8,3],[7,4,7,10],[7,11,7,17],[0,7,0,22],[0,23,0,25],[0,26,0,27],[1,4,1,26],[2,7,2,22],[2,23,2,25],[2,26,2,27]]}
[null,null,null,null,null,null,null,null,null,null,null,null,null,null,null,null,null,null,null,null,null,null,null," ",null,null," "]
[]
[null,null,null,null,null,null,null,"П р о т о к о л  ",null,null,null,null,null,null,null,null,null,null,null,null,null,null,null,"г. Барнаул",null,null,"14-17.11.2018"]
[null,null,null,null,"ПЕРВЕНСТВО АЛТАЙСКОГО КРАЯ ПО СПОРТИВНОЙ АЭРОБИКЕ \"СОЗВЕЗДИЕ СИБИРИ\""]
[null,null,null,null,"ФИНАЛ"]
[null,null,null,null,null,null,null,null,null,null,null,null,null,null,null,null,null,null,null,null,null,null,null,"ТР 9-11 м/л"]
[]
["№","Участник","Клуб","Регион","Исполнение",null,null,null,null,null,null,"Артистичность",null,null,null,null,null,null,"Сложность",null,null,"Пирамида","Сбавки",null,null,null,"Общий балл","Место"]
[null,null,null,null,1,2,3,4,"МIN \"А\"","МАХ \"А\"","СР",5,6,7,8,"МIN \"И\"","МАХ \"И\"","СР",9,10,"СР",1,"Э","Л","Глав. судья","общ"]
[16,"Соловьева Анна Покровская Анастасия Филиппова Полина","МБУ \"СШ \"Спартак\"","Чебоксары Республика Чувашия",7.8,7.5,7.5,8.1999999999999993,{"$f":"MIN(E10,F10,G10,H10)","v":7.5},{"$f":"MAX(E10,F10,G10,H10)","v":8.1999999999999993},{"$f":"(E10+F10+G10+H10-I10-J10)/2","v":7.65},7.8,8.1999999999999993,8.1,8,{"$f":"MIN(L10,M10,N10,O10)","v":7.8},{"$f":"MAX(L10,M10,N10,O10)","v":8.1999999999999993},{"$f":"(L10+M10+N10+O10-P10-Q10)/2","v":8.0500000000000007},1.6,1.6,{"$f":"(S10+T10)/4","v":0.8},null,null,null,null,{"$f":"W10+X10+Y10","v":0},{"$f":"K10+R10+U10+V10-Z10","v":16.5},{"$f":"RANK(AA10,$AA$9:$AA$17,0)","v":1}]
[11,"Кухарчук Арсений Сафонова Ульяна Плотникова Кира","МБУ СП «СШ « Победа»","Барнаул Алтайский край",8.1,7.6,7.7,8,7.6,8.1,7.8499999999999988,7.8,8,7.6,7.8,7.6,8,7.8000000000000007,1.4,1.4,0.7,null,null,null,null,0,16.349999999999998,2]
[3,"Таланова Софья Кокорина Карина Семенюк Екатерина ","МБУ СП \"СШ №6\", АКООПРС \"Город Мастеров\"","Барнаул Алтайский край",7.9,7.4,7.7,7.6,7.4,7.9,7.6500000000000012,8,8,7.4,7.6,7.4,8,7.8000000000000007,1.4,1.4,0.7,null,null,null,null,0,16.150000000000002,3]
[2,"Филаткина Анастасия Куренкова Дарья Антонова Дарья","КГБУ СП \"СШ\"Жемчужина Алтая\"","Барнаул Алтайский край",7.6,7.6,7.7,8.1,7.6,8.1,7.6499999999999995,7.6,7.9,7.5,7.5,7.5,7.9,7.55,1.6,1.6,0.8,null,null,null,null,0,16,4]
[9,"Шарапова Арина Соснина Есения Козуб Анастасия","МБУ СП \"СШ \"Рубцовск\"","Рубцовск Алтайский край",7.1,7.2,7.3,7.5,7.1,7.5,7.25,7.6,7.9,7.4,7.2,7.2,7.9,7.4999999999999991,1.6,1.6,0.8,null,null,null,null,0,15.55,5]
[6,"Вольных Полина Украинская Дарья Галузина Мария","МБУ СП \"СШ \"Рубцовск\"","Рубцовск Алтайский край",7,7.7,6.9,7,6.9,7.7,7.0000000000000018,7.4,7.8,7.3,7.1,7.1,7.8,7.35,1.6,1.6,0.8,null,null,null,null,0,15.150000000000002,6]
[12,"Воронцова Карина Крюкова Мария Богачёва Елена","МБУ СП \"СШ \"Рубцовск\"","Рубцовск Алтайский край",7.2,6.7,7.1,7.6,6.7,7.6,7.1500000000000012,7.4,7.8,7.2,7.2,7.2,7.8,7.2999999999999989,1.1000000000000001,1.1000000000000001,0.55000000000000004,null,null,null,null,0,15,7]
[14,"Медникова Дарья Петрова Александра Филипьева Анастасия ","КГБУ СП КДЮСШ","Барнаул Алтайский край",7,7.4,6.7,7.4,6.7,7.4,7.2,6.7,7.7,6.7,6.5,6.5,7.7,6.7000000000000011,1,1,0.5,null,null,null,null,0,14.400000000000002,8]
[null,"Главный  судья:",null,null,null,null,null,null,"Л.Н. Ляшенко",null,null,null,null,null,"Главный секретарь:",null,null,null,null,null,null,"Т.В.Хоружева"]
[]
[null,"Заместитель главного судьи:",null,null,null,null,null,null,"Н.К. Гринина",null,null,null,null,null,"Заместитель главного секретаря",null,null,null,null,null,null,"Д.А.Гринина"]

{"sheet":"ТГ 9-11","index":6,"n_rows":20,"n_cols":28,"rows_kept":20,"cut":false,"hidden":false,"merged":[[7,18,7,20],[7,22,7,25],[7,26,8,26],[7,27,8,27],[3,4,3,26],[4,4,4,26],[5,8,5,20],[5,23,5,27],[7,0,8,0],[7,1,8,1],[7,2,8,2],[7,3,8,3],[7,4,7,10],[7,11,7,17],[0,7,0,22],[0,23,0,25],[0,26,0,27],[1,4,1,26],[2,7,2,22],[2,23,2,25],[2,26,2,27]]}
[null,null,null,null,null,null,null,null,null,null,null,null,null,null,null,null,null,null,null,null,null,null,null," ",null,null," "]
[]
[null,null,null,null,null,null,null,"П р о т о к о л  ",null,null,null,null,null,null,null,null,null,null,null,null,null,null,null,"г. Барнаул",null,null,"14-17.11.2018"]
[null,null,null,null,"ПЕРВЕНСТВО АЛТАЙСКОГО КРАЯ ПО СПОРТИВНОЙ АЭРОБИКЕ \"СОЗВЕЗДИЕ СИБИРИ\""]
[null,null,null,null,"ФИНАЛ"]
[null,null,null,null,null,null,null,null,null,null,null,null,null,null,null,null,null,null,null,null,null,null,null,"ТГ 9-11 лет"]
[]
["№","Участник","Клуб","Регион","Исполнение",null,null,null,null,null,null,"Артистичность",null,null,null,null,null,null,"Сложность",null,null,"Пирамида","Сбавки",null,null,null,"Общий балл","Место"]
[null,null,null,null,1,2,3,4,"МIN \"А\"","МАХ \"А\"","СР",5,6,7,8,"МIN \"И\"","МАХ \"И\"","СР",9,10,"СР",1,"Э","Л","Глав. судья","общ"]
[6,"Митюхин Андрей Митренев Данил Кремлев Илья Большедворова Дарья Дацук    Василина Фадеева Анастасия ","МБУ СП \"СШ №6\", АКООПРС \"Город Мастеров\"","Барнаул Алтайский край",8,8,7.7,8.3000000000000007,{"$f":"MIN(E10,F10,G10,H10)","v":7.7},{"$f":"MAX(E10,F10,G10,H10)","v":8.3000000000000007},{"$f":"(E10+F10+G10+H10-I10-J10)/2","v":8},8.6999999999999993,8.3000000000000007,7.9,8.1999999999999993,{"$f":"MIN(L10,M10,N10,O10)","v":7.9},{"$f":"MAX(L10,M10,N10,O10)","v":8.6999999999999993},{"$f":"(L10+M10+N10+O10-P10-Q10)/2","v":8.2499999999999982},null,null,{"$f":"(S10+T10)/4","v":0},null,null,null,null,{"$f":"W10+X10+Y10","v":0},{"$f":"K10+R10+U10+V10-Z10","v":16.25},{"$f":"RANK(AA10,$AA$9:$AA$17,0)","v":1}]
[4,"Ращевская Кира Коростелева Яна Коростелева Ульяна Филаткина Анастасия Адодина Анастасия Берестников Матвей Романосов Александр Антонова Дарья","КГБУ СП \"СШ\"Жемчужина Алтая\"","Барнаул Алтайский край",7.8,8,8.3000000000000007,8.5,7.8,8.5,8.15,8.1999999999999993,7.8,7.9,8.5,7.8,8.5,8.0499999999999989,null,null,0,null,null,null,null,0,16.2,2]
[5,"Фоменко Полина Чинцова Алина Иконникова Дарья Московкин Савелий Евстигнеева Ангелина Тамразян Милена Марченко Егор Ермаченко Ксения","МБУ СП «СШ « Победа»","Барнаул Алтайский край",7.8,7.6,7.9,8,7.6,8,7.8499999999999979,8,8.4,7.8,8,7.8,8.4,8,null,null,0,null,null,null,null,0,15.849999999999998,3]
[3,"Залозный Ростислав Сидорчук Алена Страшникова Софья Кокорина Карина Таланова Софья Семенюк Екатерина","МБУ СП \"СШ №6\", АКООПРС \"Город Мастеров\"","Барнаул Алтайский край",7.8,7.7,8.1,8.1,7.7,8.1,7.950000000000002,8.3000000000000007,7.9,7.3,7.8,7.3,8.3000000000000007,7.8500000000000014,null,null,0,null,null,null,null,0,15.800000000000004,4]
[2,"Крюкова Мария Богачёва Елена Мещерякова Анна Воронцова Карина Черных Полина","МБУ СП \"СШ \"Рубцовск\"","Рубцовск Алтайский край",7.5,6.6,7.2,7.7,6.6,7.7,7.35,7.5,7.9,6.8,7.7,6.8,7.9,7.5999999999999988,null,null,0,null,null,null,null,0,14.95,5]
[1,"Белова Дарья Белых Кристина Задорожняя Белла Кайгородова Екатерина Соколова Екатерина Тырышкина Полина Чекарёва Вероника Шмидт Ксения","КГБУ СП КДЮСШ","Барнаул Алтайский край",7.6,7.4,7.1,7.9,7.1,7.9,7.4999999999999991,7.6,8,7,6.8,6.8,8,7.3000000000000007,null,null,0,null,null,null,null,0,14.8,6]
[8,"Подуев Иван\nЛычагина Софа\nКазанцева Злата\nГусельникова Алина\nАлексеева Виктория\nКлейменова Дарья","с/к \" Реванш\"","Барнаул Алтайский край",7.3,6.7,7.3,7.4,6.7,7.4,7.3000000000000016,7.6,7.8,7.1,7.1,7.1,7.8,7.35,null,null,0,null,null,null,null,0,14.650000000000002,7]
[7,"Белкина Яна  Боброва Анастасия Зубова Вероника Зырянова Анастасия Нестерова Ульяна Шачковский Павел Шестакова Арина Юдина Екатерина","КГБУ СП КДЮСШ","Барнаул Алтайский край",7.6,6.8,7.5,7.2,6.8,7.6,7.3499999999999988,7.3,8,6.9,6.7,6.7,8,7.1000000000000014,null,null,0,null,null,null,null,0,14.45,8]
[null,"Главный  судья:",null,null,null,null,null,null,"Л.Н. Ляшенко",null,null,null,null,null,"Главный секретарь:",null,null,null,null,null,null,"Т.В.Хоружева"]
[]
[null,"Заместитель главного судьи:",null,null,null,null,null,null,"Н.К. Гринина",null,null,null,null,null,"Заместитель главного секретаря",null,null,null,null,null,null,"Д.А.Гринина"]

{"sheet":"ИЖ 9-11 мл","index":7,"n_rows":20,"n_cols":28,"rows_kept":20,"cut":false,"hidden":false,"merged":[[7,18,7,20],[7,22,7,25],[7,26,8,26],[7,27,8,27],[3,4,3,26],[4,4,4,26],[5,8,5,20],[5,23,5,27],[7,0,8,0],[7,1,8,1],[7,2,8,2],[7,3,8,3],[7,4,7,10],[7,11,7,17],[0,7,0,22],[0,23,0,25],[0,26,0,27],[1,4,1,26],[2,7,2,22],[2,23,2,25],[2,26,2,27]]}
[null,null,null,null,null,null,null,null,null,null,null,null,null,null,null,null,null,null,null,null,null,null,null," ",null,null," "]
[]
[null,null,null,null,null,null,null,"П р о т о к о л  ",null,null,null,null,null,null,null,null,null,null,null,null,null,null,null,"г. Барнаул",null,null,"14-17.11.2018"]
[null,null,null,null,"ПЕРВЕНСТВО АЛТАЙСКОГО КРАЯ ПО СПОРТИВНОЙ АЭРОБИКЕ \"СОЗВЕЗДИЕ СИБИРИ\""]
[null,null,null,null,"ФИНАЛ"]
[null,null,null,null,null,null,null,null,null,null,null,null,null,null,null,null,null,null,null,null,null,null,null,"ИЖ 9-11 лет м/л"]
[]
["№","Участник","Клуб","Регион","Исполнение",null,null,null,null,null,null,"Артистичность",null,null,null,null,null,null,"Сложность",null,null,"Пирамида","Сбавки",null,null,null,"Общий балл","Место"]
[null,null,null,null,1,2,3,4,"МIN \"А\"","МАХ \"А\"","СР",5,6,7,8,"МIN \"И\"","МАХ \"И\"","СР",9,10,"СР",1,"Э","Л","Глав. судья","общ"]
[7,"Соловьева Анна","МБУ \"СШ \"Спартак\"","Чебоксары Республика Чувашия",7.8,7.7,7.8,7.9,{"$f":"MIN(E10,F10,G10,H10)","v":7.7},{"$f":"MAX(E10,F10,G10,H10)","v":7.9},{"$f":"(E10+F10+G10+H10-I10-J10)/2","v":7.8000000000000016},8.1,8,8.1999999999999993,8,{"$f":"MIN(L10,M10,N10,O10)","v":8},{"$f":"MAX(L10,M10,N10,O10)","v":8.1999999999999993},{"$f":"(L10+M10+N10+O10-P10-Q10)/2","v":8.0499999999999989},1.6,1.6,{"$f":"(S10+T10)/4","v":0.8},null,null,null,null,{"$f":"W10+X10+Y10","v":0},{"$f":"K10+R10+U10+V10-Z10","v":16.650000000000002},{"$f":"RANK(AA10,$AA$9:$AA$17,0)","v":1}]
[4,"Бирюкова Вероника","МБУ СП «СШ « Победа»","Барнаул Алтайский край",7.7,7.6,7.6,7.9,7.6,7.9,7.6499999999999977,8,7.6,8,7.9,7.6,8,7.9499999999999993,1.6,1.6,0.8,null,null,null,null,0,16.399999999999999,2]
[8,"Покровская Анастасия","МБУ \"СШ \"Спартак\"","Чебоксары Республика Чувашия",7.4,7.7,7.7,7.5,7.4,7.7,7.6,8,7.8,7.7,7.8,7.7,8,7.8000000000000007,1.6,1.6,0.8,null,null,null,null,0,16.2,3]
[6,"Галузина Мария","МБУ СП \"СШ \"Рубцовск\"","Рубцовск Алтайский край",7.4,7.4,7.2,7.5,7.2,7.5,7.4,7.5,7.5,7.4,7.4,7.4,7.5,7.4499999999999993,1.6,1.6,0.8,null,null,null,null,0,15.65,4]
[1,"Семенюк Екатерина","МБУ СП \"СШ №6\", АКООПРС \"Город Мастеров\"","Барнаул Алтайский край",7.7,7.1,7.4,7.3,7.1,7.7,7.3500000000000032,7.7,7.3,7.4,7.5,7.3,7.7,7.4499999999999993,1.6,1.6,0.8,null,null,null,null,0,15.600000000000003,5]
[3,"Кокорина Карина","МБУ СП \"СШ №6\", АКООПРС \"Город Мастеров\"","Барнаул Алтайский край",7.3,7.2,7.5,7.2,7.2,7.5,7.25,7.5,7.2,7.6,7.7,7.2,7.7,7.5499999999999989,1.6,1.6,0.8,null,null,null,null,0,15.6,6]
[2,"Вольных Полина","МБУ СП \"СШ \"Рубцовск\"","Рубцовск Алтайский край",6.7,7.6,7,7,6.7,7.6,7.0000000000000009,7.9,7.3,7.3,7.5,7.3,7.9,7.3999999999999995,1.6,1.6,0.8,null,null,null,null,0,15.200000000000001,7]
[5,"Кудинова Софья","КГБУ СП \"СШ \"Жемчужина Алтая\"","Барнаул Алтайский край",6.7,7.1,6.9,7,6.7,7.1,6.950000000000002,8.3000000000000007,7.5,7.4,7.4,7.4,8.3000000000000007,7.4500000000000011,1.6,1.6,0.8,null,null,null,null,0,15.200000000000003,8]
[null,"Главный  судья:",null,null,null,null,null,null,"Л.Н. Ляшенко",null,null,null,null,null,"Главный секретарь:",null,null,null,null,null,null,"Т.В.Хоружева"]
[]
[null,"Заместитель главного судьи:",null,null,null,null,null,null,"Н.К. Гринина",null,null,null,null,null,"Заместитель главного секретаря",null,null,null,null,null,null,"Д.А.Гринина"]